| 000 | 00694nam a2200181Ia 4500 | ||
|---|---|---|---|
| 008 | 090124s9999 xx 000 0 und d | ||
| 082 | _b20102 | ||
| 100 | _aचित्राव सिध्देश्र्वरशास्त्री | ||
| 245 | _a विवाहसंस्कार | ||
| 250 | _a0 | ||
| 260 | _bशं . रा . दाते | ||
| 300 | _a64 | ||
| 600 | _aचित्राव सिध्देश्र्वरशास्त्री | ||
| 630 | _a विवाहसंस्कार | ||
| 700 | _aचित्राव सिध्देश्र्वरशास्त्री | ||
| 730 | _a विवाहसंस्कार | ||
| 942 | _cBOOK | ||
| 999 |
_c90851 _d90851 |
||